000 00508nam a22001817a 4500
003 OSt
005 20260204081357.0
008 260204b |||||||| |||| 00| 0 eng d
020 _a978-971-94327-0-8
040 _aDWCL-Main Lib
_cOC
082 _aFil. 641.59 R316 2008
100 _aReyes, Tresita, "Mama Sita"
245 _aMama Sita's lutong bahay
260 _aSan Juan :
_b[ s. n. ],
_cc2008.
300 _a100 p. :
_bcol. ;
_c21 cm.
650 _aCooking Filipino.
942 _2ddc
_cBK - FIL
_mFil.
_n0
999 _c8273
_d8273